000 00409nam a2200181Ia 4500
001 14438
005 20260306164914.0
008 260306t1998||||xx |||||||||||||| ||spa||
041 _aESP
082 _a515
_bL42
100 _aLeithold, Louis
_eAUT
245 0 _aEl cálculo
260 _c1998
300 _axxiv, 1360 páginas :
_c23 cm.
650 _aGEN
654 _aCMA
942 _cLIB
_dJUS
_fJUS
_2ddc
_n
999 _c14438
_d14438